[Event "GER-ch Net blitz qual4"]
[Site "Playchess.com INT"]
[Date "2021.05.10"]
[Round "8"]
[White "Barz, Stephan"]
[Black "Melde, Volker"]
[Result "0-1"]
[WhiteElo "1529"]
[BlackElo "1798"]
[PlyCount "66"]
[EventDate "2021.05.10"]
[EventType "swiss (blitz)"]
[EventRounds "11"]
[EventCountry "GER"]
[SourceTitle "CBM 202 Extra"]
[Source "ChessBase"]
[SourceDate "2021.07.31"]
[SourceVersion "1"]
[SourceVersionDate "2021.07.31"]
[SourceQuality "1"]

1. e4 c5 2. Nf3 d6 3. c3 a6 4. d4 cxd4 5. cxd4 Nf6 6. Nc3 Nc6 7. d5 Nb8 8. Bd3 g6 9. 0-0 Bg7 10. Bd2 Nbd7 11. Rc1 Nc5 12. Qc2 b5 13. a3 0-0 14. Rfe1 Bg4 15. Nd4 Bd7 16. Nb3 Rc8 17. Be3 Nxd3 18. Qxd3 e6 19. dxe6 Bxe6 20. Nd4 Bc4 21. Qd2 Re8 22. f3 Nd7 23. Bh6 Bh8 24. Bg5 Bf6 25. Bf4 Ne5 26. Re3 Qb6 27. Kh1 Red8 28. Rce1 Nc6 29. Nxc6 Qxc6 30. Nd5 Bxd5 31. exd5 Qc2 32. Qb4 Qxb2 33. Rb3 Qd4 0-1

[Event "GER-ch Net blitz qual4"]
[Site "Playchess.com INT"]
[Date "2021.05.10"]
[Round "10"]
[White "Melde, Volker"]
[Black "Bascheck, Ralf"]
[Result "1-0"]
[WhiteElo "1798"]
[BlackElo "1571"]
[PlyCount "135"]
[EventDate "2021.05.10"]
[EventType "swiss (blitz)"]
[EventRounds "11"]
[EventCountry "GER"]
[SourceTitle "CBM 202 Extra"]
[Source "ChessBase"]
[SourceDate "2021.07.31"]
[SourceVersion "1"]
[SourceVersionDate "2021.07.31"]
[SourceQuality "1"]

1. e4 e6 2. d4 d5 3. Nd2 Nf6 4. e5 Nfd7 5. Bd3 c5 6. c3 Nc6 7. Ne2 Qb6 8. Nf3 cxd4 9. cxd4 f6 10. exf6 Nxf6 11. 0-0 Bd6 12. Nc3 0-0 13. Re1 Bd7 14. a3 a6 15. b4 Rae8 16. Na4 Qc7 17. Nc5 Bc8 18. Bb2 e5 19. dxe5 Nxe5 20. Nxe5 Bxe5 21. Bxe5 Rxe5 22. Qc2 Rfe8 23. Red1 Qe7 24. g3 Bg4 25. Rdc1 Rc8 26. Qd2 Bf3 27. Bf1 Ne4 28. Nxe4 Rxc1 29. Rxc1 Bxe4 30. Rc8+ Kf7 31. Qf4+ Qf6 32. Rc7+ Re7 33. Rxe7+ Kxe7 34. Qc7+ Kf8 35. Qc8+ Kf7 36. Qd7+ Kg6 37. Qg4+ Kf7 38. Qh5+ Kf8 39. h4 Qf3 40. Qxf3+ Bxf3 41. Bd3 h6 42. Kf1 Ke7 43. Ke1 Kd6 44. Kd2 Bg4 45. Ke3 Ke5 46. f3 Bd7 47. f4+ Kd6 48. Kd4 Bg4 49. Bf1 Bd7 50. Bg2 Bc6 51. Bf3 Ke6 52. g4 Kd6 53. f5 b6 54. g5 hxg5 55. hxg5 Bd7 56. f6 gxf6 57. gxf6 Ke6 58. Bg4+ Kxf6 59. Bxd7 Ke7 60. Bc6 Kd6 61. Bxd5 a5 62. b5 Kc7 63. a4 Kb8 64. Ke5 Ka7 65. Kd6 Kb8 66. Kc6 Ka7 67. Bb3 Kb8 68. Kxb6 1-0

[Event "GER-ch Net blitz qual4"]
[Site "Playchess.com INT"]
[Date "2021.05.10"]
[Round "4"]
[White "Melde, Volker"]
[Black "Wiedemann, Jan"]
[Result "1-0"]
[WhiteElo "1798"]
[BlackElo "1504"]
[PlyCount "59"]
[EventDate "2021.05.10"]
[EventType "swiss (blitz)"]
[EventRounds "11"]
[EventCountry "GER"]
[SourceTitle "CBM 202 Extra"]
[Source "ChessBase"]
[SourceDate "2021.07.31"]
[SourceVersion "1"]
[SourceVersionDate "2021.07.31"]
[SourceQuality "1"]

1. e4 e5 2. Nf3 Nc6 3. Bc4 Bc5 4. b4 Bb6 5. c3 d6 6. 0-0 Nf6 7. Re1 0-0 8. d3 h6 9. a4 a6 10. Bb2 Be6 11. Bb3 Qd7 12. Nbd2 Nh7 13. b5 axb5 14. axb5 Ne7 15. c4 Ng6 16. d4 exd4 17. Nxd4 f5 18. N2f3 Kh8 19. Nxe6 Qxe6 20. c5 Qd7 21. cxb6 fxe4 22. Rxe4 Nf6 23. Bxf6 gxf6 24. Rxa8 Rxa8 25. Qd5 Nf4 26. Rxf4 Ra1+ 27. Bd1 Qxb5 28. Rd4 Qxb6 29. h3 Ra2 30. Qxa2 1-0

[Event "GER-ch Net blitz qual3"]
[Site "Playchess.com INT"]
[Date "2021.05.07"]
[Round "11"]
[White "Dittrich, Gunnar"]
[Black "Melde, Volker"]
[Result "0-1"]
[WhiteElo "1761"]
[BlackElo "1742"]
[PlyCount "58"]
[EventDate "2021.05.07"]
[EventType "swiss (blitz)"]
[EventRounds "11"]
[EventCountry "GER"]
[SourceTitle "CBM 202 Extra"]
[Source "ChessBase"]
[SourceDate "2021.07.31"]
[SourceVersion "1"]
[SourceVersionDate "2021.07.31"]
[SourceQuality "1"]

1. e4 d5 2. exd5 Qxd5 3. Nc3 Qa5 4. d4 Nf6 5. Bc4 Bf5 6. Bd2 c6 7. Nf3 e6 8. Ne5 Nbd7 9. Nxd7 Nxd7 10. 0-0 Qc7 11. Re1 0-0-0 12. Ne4 Nf6 13. Bg5 Be7 14. Bxf6 gxf6 15. Ng3 Bg6 16. c3 Bd6 17. Qa4 Kb8 18. b4 b5 19. Bxb5 cxb5 20. Qxb5+ Qb6 21. Qe2 Rc8 22. a4 Qc6 23. b5 Qxc3 24. b6 axb6 25. a5 Bd3 26. Qf3 b5 27. a6 Rc7 28. a7+ Rxa7 29. Rxa7 Qxe1+ 0-1

[Event "GER-ch Net blitz qual2"]
[Site "Playchess.com INT"]
[Date "2021.05.04"]
[Round "4"]
[White "Melde, Volker"]
[Black "Hofmann, Matthias1"]
[Result "0-1"]
[WhiteElo "1833"]
[BlackElo "1608"]
[PlyCount "116"]
[EventDate "2021.05.04"]
[EventType "swiss (blitz)"]
[EventRounds "11"]
[EventCountry "GER"]
[SourceTitle "CBM 202 Extra"]
[Source "ChessBase"]
[SourceDate "2021.07.31"]
[SourceVersion "1"]
[SourceVersionDate "2021.07.31"]
[SourceQuality "1"]

1. d4 d5 2. Nf3 c6 3. c4 Bf5 4. cxd5 cxd5 5. Nc3 e6 6. a3 Nf6 7. Ne5 Nc6 8. Bg5 h6 9. Nxc6 bxc6 10. Bxf6 Qxf6 11. Qa4 Rc8 12. Qxa7 Bd6 13. e3 0-0 14. Qa6 Qg6 15. g3 Rc7 16. Be2 Bh3 17. Bf1 Bxf1 18. Kxf1 Rb8 19. Qe2 Qf5 20. Kg2 Rcb7 21. b4 h5 22. Rhc1 e5 23. Qc2 Qg5 24. Ne2 e4 25. Qxc6 Qg4 26. Ng1 Qe6 27. Ne2 Rc7 28. Qa4 Rbc8 29. Rxc7 Rxc7 30. Rc1 Re7 31. Rc6 h4 32. Nf4 Qh6 33. Nxd5 h3+ 34. Kf1 Re6 35. Rc8+ Kh7 36. Nf4 Rf6 37. Rc6 Qg5 38. Rxd6 Rxd6 39. Nxh3 Qg4 40. Nf4 Qf3 41. Qc2 g5 42. Ng2 f5 43. Ne1 Qh1+ 44. Ke2 Qxh2 45. Qc7+ Kg6 46. Qxd6+ Kh5 47. Qe6 Kg4 48. Qe5 Qh7 49. d5 Qa7 50. f3+ exf3+ 51. Kf2 Qxa3 52. Qd4+ f4 53. gxf4 Qa2+ 54. Qd2 Qxd2+ 55. Kf1 Qe2+ 56. Kg1 Qxe1+ 57. Kh2 Qe2+ 58. Kh1 Qg2# 0-1

[Event "GER-ch Net blitz qual2"]
[Site "Playchess.com INT"]
[Date "2021.05.04"]
[Round "8"]
[White "Melde, Volker"]
[Black "Matthes, Benjamin"]
[Result "0-1"]
[WhiteElo "1833"]
[BlackElo "1620"]
[PlyCount "63"]
[EventDate "2021.05.04"]
[EventType "swiss (blitz)"]
[EventRounds "11"]
[EventCountry "GER"]
[SourceTitle "CBM 202 Extra"]
[Source "ChessBase"]
[SourceDate "2021.07.31"]
[SourceVersion "1"]
[SourceVersionDate "2021.07.31"]
[SourceQuality "1"]

1. d4 d5 2. Nf3 e6 3. c4 c5 4. cxd5 exd5 5. dxc5 Nc6 6. Nc3 d4 7. Ne4 Qd5 8. Qd3 Bf5 9. Nfd2 Be7 10. f3 Nb4 11. Qb5+ Nc6 12. g4 Bg6 13. h4 Bxe4 14. Nxe4 Nf6 15. Nxf6+ Bxf6 16. Bf4 0-0 17. Bd6 Rfe8 18. 0-0-0 a6 19. Qxb7 d3 20. e4 Qxa2 21. Bxd3 Rab8 22. Bxb8 Rxb8 23. Qxb8+ Nxb8 24. Rd2 Nc6 25. Bb1 Qc4+ 26. Bc2 Nd4 27. Rhd1 Nb3+ 28. Kb1 Nxd2+ 29. Rxd2 Qb4 30. b3 Qxd2 31. e5 Bxe5 32. f4 0-1

[Event "GER-ch Net blitz qual1"]
[Site "Playchess.com INT"]
[Date "2021.04.24"]
[Round "1"]
[White "Domroese, Michael"]
[Black "Melde, Volker"]
[Result "1/2-1/2"]
[WhiteElo "1547"]
[BlackElo "1834"]
[PlyCount "82"]
[EventDate "2021.04.24"]
[EventType "swiss (blitz)"]
[EventRounds "11"]
[EventCountry "GER"]
[SourceTitle "CBM 202 Extra"]
[Source "ChessBase"]
[SourceDate "2021.07.31"]
[SourceVersion "1"]
[SourceVersionDate "2021.07.31"]
[SourceQuality "1"]

1. e4 d5 2. exd5 Qxd5 3. Nc3 Qa5 4. d4 Nf6 5. Bd3 c6 6. Bd2 Bg4 7. f3 Bh5 8. Nge2 e6 9. Ne4 Qd8 10. Nxf6+ gxf6 11. Nf4 Bg6 12. Nxg6 hxg6 13. Qe2 Bd6 14. 0-0-0 Nd7 15. Bxg6 fxg6 16. Qxe6+ Qe7 17. Rde1 Qxe6 18. Rxe6+ Be7 19. Rhe1 Rh7 20. Bb4 c5 21. dxc5 a5 22. Ba3 Kd8 23. c6 bxc6 24. Rxe7 Rxe7 25. Rxe7 Kc7 26. h3 g5 27. b3 a4 28. Bb2 axb3 29. axb3 Rf8 30. Ba3 Ra8 31. Kb2 Ra5 32. Bb4 Rb5 33. Bc3 Rf5 34. Rg7 Kd6 35. Bb4+ Kc7 36. Ba5+ Kd6 37. Bd8 c5 38. Be7+ Ke6 39. Bd8 Kd6 40. Be7+ Ke6 41. Bd8 Kd6 1/2-1/2

[Event "GER Cup Net Final-B U2000"]
[Site "Playchess.com INT"]
[Date "2020.06.06"]
[Round "11"]
[White "Blauhut, Holger"]
[Black "Melde, Volker"]
[Result "1-0"]
[WhiteElo "1920"]
[BlackElo "1790"]
[PlyCount "45"]
[EventDate "2020.06.06"]
[EventType "swiss (blitz)"]
[EventRounds "13"]
[EventCountry "GER"]
[SourceTitle "CBM 197 Extra"]
[Source "ChessBase"]
[SourceDate "2020.09.30"]
[SourceVersion "1"]
[SourceVersionDate "2020.09.30"]
[SourceQuality "1"]

1. e4 e5 2. Nf3 Nf6 3. Nxe5 d6 4. Nf3 Nxe4 5. d4 d5 6. Bd3 Bf5 7. 0-0 Be7 8. Re1 0-0 9. c4 c6 10. Nc3 Bb4 11. Qc2 Bg6 12. a3 Bxc3 13. bxc3 Nf6 14. Bg5 dxc4 15. Bxg6 hxg6 16. Ne5 Qd5 17. Bxf6 gxf6 18. Nxg6 fxg6 19. Qxg6+ Kh8 20. Re7 Rf7 21. Re8+ Rf8 22. Rxf8+ Qg8 23. Qh6# 1-0

[Event "GER Cup Net Final-B U2000"]
[Site "Playchess.com INT"]
[Date "2020.06.06"]
[Round "8"]
[White "Radi, Guenter"]
[Black "Melde, Volker"]
[Result "0-1"]
[WhiteElo "1525"]
[BlackElo "1790"]
[PlyCount "186"]
[EventDate "2020.06.06"]
[EventType "swiss (blitz)"]
[EventRounds "13"]
[EventCountry "GER"]
[SourceTitle "CBM 197 Extra"]
[Source "ChessBase"]
[SourceDate "2020.09.30"]
[SourceVersion "1"]
[SourceVersionDate "2020.09.30"]
[SourceQuality "1"]

1. d4 g6 2. e4 Bg7 3. Nf3 d6 4. Nc3 Nf6 5. Be2 0-0 6. 0-0 c5 7. dxc5 dxc5 8. Qxd8 Rxd8 9. Bg5 h6 10. Bh4 g5 11. Bg3 Nc6 12. Rad1 Bg4 13. a3 Bxf3 14. Bxf3 Nd4 15. e5 Nxf3+ 16. gxf3 Ne8 17. Ne4 b6 18. c3 Nc7 19. f4 gxf4 20. Bxf4 Ne6 21. Bg3 Rxd1 22. Rxd1 Rd8 23. Rxd8+ Nxd8 24. f4 Nc6 25. Kf2 Na5 26. Nd2 f6 27. e6 f5 28. Kf3 Bf6 29. Ke3 Kf8 30. Kd3 Ke8 31. Nf1 Kd8 32. Ne3 Kc7 33. Nxf5 h5 34. Ne3 Kd6 35. f5+ Be5 36. Ke4 Bxg3 37. hxg3 Nb3 38. Ng2 Nd2+ 39. Kd3 Nf3 40. Ke3 Ne5 41. b3 Ng4+ 42. Kf4 Nf2 43. Ne1 Nh3+ 44. Kf3 Ke5 45. g4 Ng5+ 46. Kg3 Ne4+ 47. Kf3 hxg4+ 48. Kxg4 Nxc3 49. Nd3+ Kf6 50. Nf4 b5 51. a4 a6 52. axb5 axb5 53. Nd3 c4 54. bxc4 bxc4 55. Nb4 Ke5 56. Nc6+ Kd6 57. Nd4 Ne4 58. Kf4 Nf6 59. Nf3 Kd5 60. Ke3 c3 61. Kd3 Ne4 62. Ne1 Ke5 63. Nc2 Kxf5 64. Nd4+ Ke5 65. Nc6+ Kd6 66. Nb4 Nc5+ 67. Kxc3 Kxe6 68. Kd4 Nb3+ 69. Ke3 Kd6 70. Nd3 Nc5 71. Nf2 Nd7 72. Ke4 Nf6+ 73. Ke3 Ke5 74. Nd3+ Kd5 75. Nf4+ Kd6 76. Nd3 Nd5+ 77. Ke4 Nc3+ 78. Kd4 Nb5+ 79. Ke4 Nc7 80. Kd4 Ne6+ 81. Ke4 Nc5+ 82. Kd4 Nxd3 83. Kxd3 Ke5 84. Ke3 e6 85. Kf3 Kd4 86. Ke2 Ke4 87. Kf2 Kd3 88. Ke1 Ke3 89. Kf1 e5 90. Ke1 e4 91. Kf1 Kd2 92. Kf2 e3+ 93. Kf1 e2+ 0-1

[Event "GER Cup Net Final-B U2000"]
[Site "Playchess.com INT"]
[Date "2020.06.06"]
[Round "9"]
[White "Stumpf, Daniel"]
[Black "Melde, Volker"]
[Result "0-1"]
[WhiteElo "1818"]
[BlackElo "1790"]
[PlyCount "72"]
[EventDate "2020.06.06"]
[EventType "swiss (blitz)"]
[EventRounds "13"]
[EventCountry "GER"]
[SourceTitle "CBM 197 Extra"]
[Source "ChessBase"]
[SourceDate "2020.09.30"]
[SourceVersion "1"]
[SourceVersionDate "2020.09.30"]
[SourceQuality "1"]

1. c4 Nf6 2. Nc3 g6 3. g3 Bg7 4. Bg2 0-0 5. d3 d6 6. Rb1 c5 7. a3 Nc6 8. b4 cxb4 9. axb4 a6 10. Bd2 Ne8 11. e3 Ne5 12. Qc2 Bf5 13. Ne4 Qc8 14. f4 Ng4 15. Ne2 d5 16. Nf2 Nxf2 17. Kxf2 dxc4 18. Qxc4 Qxc4 19. dxc4 Bxb1 20. Rxb1 Rb8 21. Nd4 Nd6 22. c5 Nc4 23. Bc1 Rfd8 24. Bf1 Bxd4 25. Bxc4 Bc3 26. b5 axb5 27. Rxb5 Kf8 28. g4 h6 29. h4 Rdc8 30. Kf3 b6 31. Ba3 bxc5 32. Rxb8 Rxb8 33. Ke4 Bb4 34. Bb2 f6 35. g5 hxg5 36. fxg5 Bd2 0-1

[Event "GER Cup Net V2 U2000"]
[Site "Playchess.com INT"]
[Date "2020.05.22"]
[Round "1"]
[White "May, Alexander1"]
[Black "Melde, Volker"]
[Result "0-1"]
[WhiteElo "1546"]
[BlackElo "1798"]
[PlyCount "94"]
[EventDate "2020.05.22"]
[EventType "swiss (blitz)"]
[EventRounds "9"]
[EventCountry "GER"]
[SourceTitle "EXT 2021"]
[Source "ChessBase"]
[SourceDate "2020.10.23"]
[SourceVersion "1"]
[SourceVersionDate "2020.10.23"]
[SourceQuality "1"]

1. d4 g6 2. Nd2 Bg7 3. Ngf3 d6 4. e4 Nf6 5. b4 0-0 6. Be2 Nc6 7. 0-0 Nxb4 8. c3 Nc6 9. Rb1 b6 10. Bb5 Bb7 11. a4 e5 12. Ba3 exd4 13. cxd4 a6 14. Be2 Re8 15. Qc2 Qd7 16. a5 b5 17. Rfc1 Rac8 18. Qb3 Nxa5 19. Qb4 Nc6 20. Qb2 Ne7 21. Rc2 Nxe4 22. Nxe4 Bxe4 23. Rd2 Bxb1 24. Qxb1 Nf5 25. Qc1 c6 26. Bb4 Re4 27. Bd3 Ree8 28. Bxf5 Qxf5 29. h3 Qd5 30. Qa3 Ra8 31. Bxd6 Re6 32. Bc5 a5 33. Ra2 a4 34. Rc2 Rae8 35. Rc3 Qd8 36. Qc1 Qb8 37. Bb4 Qb6 38. Ne5 Bxe5 39. dxe5 Rc8 40. Rc5 Qb7 41. Kh2 Rce8 42. Qc3 h6 43. Qd4 Qb8 44. Bc3 a3 45. Qb4 a2 46. Qa3 Qa8 47. Qxa2 Qxa2 0-1

[Event "GER Cup Net V2 U2000"]
[Site "Playchess.com INT"]
[Date "2020.05.22"]
[Round "3"]
[White "Melde, Volker"]
[Black "Blome, Johannes"]
[Result "1-0"]
[WhiteElo "1798"]
[BlackElo "1890"]
[PlyCount "113"]
[EventDate "2020.05.22"]
[EventType "swiss (blitz)"]
[EventRounds "9"]
[EventCountry "GER"]
[SourceTitle "EXT 2021"]
[Source "ChessBase"]
[SourceDate "2020.10.23"]
[SourceVersion "1"]
[SourceVersionDate "2020.10.23"]
[SourceQuality "1"]

1. c4 c5 2. Nc3 Nc6 3. Nf3 g6 4. d4 cxd4 5. Nxd4 Bg7 6. Be3 Nf6 7. Nxc6 bxc6 8. Bd4 0-0 9. e4 d5 10. cxd5 cxd5 11. exd5 Qa5 12. Qa4 Qxa4 13. Nxa4 Nxd5 14. Bxg7 Kxg7 15. Bc4 Nb6 16. Nxb6 axb6 17. 0-0 Ba6 18. Bxa6 Rxa6 19. Rfe1 e6 20. a3 Rd8 21. Rad1 Raa8 22. Kf1 Rac8 23. Rxd8 Rxd8 24. Ke2 Kf6 25. Rc1 Rd5 26. a4 Rd4 27. b3 Rb4 28. Rc3 h5 29. Kd3 Kf5 30. Kc2 Rh4 31. h3 Re4 32. Rf3+ Ke5 33. Rxf7 Re2+ 34. Kc3 Ra2 35. Kb4 Rb2 36. Kc4 Rc2+ 37. Kb5 Rb2 38. b4 Kd5 39. g4 hxg4 40. hxg4 Kd6 41. Rf6 g5 42. Rf3 e5 43. a5 bxa5 44. Kxa5 Ra2+ 45. Kb6 e4 46. Re3 Kd5 47. f3 exf3 48. Rxf3 Rb2 49. b5 Kc4 50. Rf5 Re2 51. Rxg5 Re6+ 52. Ka7 Re7+ 53. Ka6 Re6+ 54. b6 Re1 55. b7 Ra1+ 56. Kb6 Rb1+ 57. Kc7 1-0

[Event "GER Cup Net V1 U2000"]
[Site "Playchess.com INT"]
[Date "2020.05.19"]
[Round "9"]
[White "Schoen, Florian"]
[Black "Melde, Volker"]
[Result "0-1"]
[WhiteElo "1635"]
[BlackElo "1725"]
[PlyCount "74"]
[EventDate "2020.05.19"]
[EventType "swiss (blitz)"]
[EventRounds "9"]
[EventCountry "GER"]
[SourceTitle "EXT 2021"]
[Source "ChessBase"]
[SourceDate "2020.10.23"]
[SourceVersion "1"]
[SourceVersionDate "2020.10.23"]
[SourceQuality "1"]

1. e4 e5 2. Nf3 Nf6 3. d4 Nxe4 4. dxe5 d5 5. Bd3 Nc5 6. Be3 Nxd3+ 7. Qxd3 c6 8. 0-0 Be7 9. c4 dxc4 10. Qxc4 0-0 11. Qf4 Be6 12. Nc3 Nd7 13. Rad1 Qc7 14. Ne4 Rac8 15. Neg5 Bxa2 16. Qh4 h6 17. Ne6 Bxh4 18. Nxc7 Bxf2+ 19. Bxf2 Rxc7 20. Bxa7 Bd5 21. Bc5 Re8 22. Bd6 Rcc8 23. Rfe1 Nf8 24. Nd4 Ne6 25. Nxe6 Rxe6 26. Rd2 Rce8 27. Rde2 Bc4 28. Re4 Bd5 29. R4e2 Ra8 30. Ba3 b5 31. Kf2 Ra4 32. Rd1 Rf4+ 33. Kg3 Rf5 34. Bd6 Rg5+ 35. Kf2 Rxg2+ 36. Kf1 Rgg6 37. b4 Bc4 0-1